| 000 | 01500nam a22002057a 4500 | ||
|---|---|---|---|
| 999 |
_c56895 _d56895 |
||
| 003 | Ge_BSU | ||
| 005 | 20190610214150.0 | ||
| 008 | 190610b2015 ge ||||| |||| 00| 0 geo d | ||
| 020 | _a9789941082825 (ტ. 2) | ||
| 041 | _ageo | ||
| 080 | _a821.353.1-222 ვ-70 | ||
| 245 |
_aვოდევილი ქართულ მწერლობაში. ტ. 2 / _cქეთევან გიგაშვილის რედაქციით, შესავალი წერილით, გამოკვლევითა და ლექსიკონით. |
||
| 264 |
_aთბილისი : _b ჯეოპრინტი, _c2015. |
||
| 300 |
_a441 გვ .: _c20 სმ. _eლექსიკონი : გვ.423-440. |
||
| 500 | _aმრავალტომეული ეძღვნება პროექტის იდეის ავტორის, პროფესორ გიორგი ჯავახიშვილის ხსოვნას. | ||
| 653 | _aქართული დრამატურგიის ისტორია და კრიტიკა. | ||
| 700 |
_aგიგაშვილი, ქეთევან _eრედაქციით, შესავალი წერილით, გამოკვლევითა და ლექსიკონით. _92369 |
||
| 710 |
_aიაკობ გოგებაშვილის სახ. თელავის სახელმწ. უნ-ტი _92353 |
||
| 942 |
_2udc _cBK |
||